Statistics for insane family guy trivia

Click here to take the quiz!

General Stats

  • This quiz has been taken 1,616 times
    (1,614 since last reset)
  • The average score is 2 of 10

Answer Stats

HintAnswer% Correct
where does Peter meet Jesus?record store
76%
(4 cont.) this let's him make people commit ________.adultery
38%
the Super Devil carries a jar of _________.marmalade
34%
what show do Peter and Carter rip off to make money?Dawsons creek
28%
what band's bus breaks down in front of the Griffins' house?hanson
19%
waht does Spock say when he wins the lottery?live long and suck it
15%
what is God's room mate's name?Chugs
13%
what is Lois' dad's full name?carter pewtershmidt
12%
what candy comercial features Lincoln's asassination?mint-o's
11%
what Alanis Morisette album is the soundtrack to Carter's '96 AND '97?Tigerlilly
2%

Score Distribution

Percentile by Number Answered

Percent of People with Each Score

Your Score History

You have not taken this quiz since the last reset